00504nam a2200193 a 4500001001300000003000900013005001700022008004100039020002300080082001500103100002600118245003300144260003000177300000900207500003500216505001000251650002300261700002600284nice12345678IN_TiNIC20260116013026.0050524s1987 u sa grp 000 0 eng  a0882070 c10000a221.9bWIL aWillmington, Harold L aSurvey of the Old Testament. aU S AbVictor Booksc1987 a615p aincludes index and biblioraphy2 aIndex aBible O.T. History1 aWillmington, Harold L